书目信息 |
| 题名: |
交通场站建筑热湿环境营造
|
|
| 作者: | 刘晓华 著 | |
| 分册: | ||
| 出版信息: | 北京 中国建筑工业出版社 2019.09 |
|
| 页数: | 12, 300页 | |
| 开本: | 26cm | |
| 丛书名: | ||
| 单 册: | ||
| 中图分类: | TU248 | |
| 科图分类: | ||
| 主题词: | 交通运输建筑--jiao tong yun shu jian zhu--建筑热工--研究 | |
| 电子资源: | ||
| ISBN: | 978-7-112-23761-6 | |
| 000 | 01040nam0 2200241 450 | |
| 001 | 2372264919 | |
| 005 | 20231125200440.98 | |
| 010 | @a978-7-112-23761-6@dCNY62.00 | |
| 100 | @a20190929d2019 em y0chiy50 ea | |
| 101 | 0 | @achi |
| 102 | @aCN@b110000 | |
| 105 | @aak a 000yy | |
| 200 | 1 | @a交通场站建筑热湿环境营造@Ajiao tong chang zhan jian zhu re shi huan jing ying zao@d= Indoor built environment in public traffic buildings@f刘晓华 ... [等] 著@zeng |
| 210 | @a北京@c中国建筑工业出版社@d2019.09 | |
| 215 | @a12, 300页@c图@d26cm | |
| 320 | @a有书目 (第290-300页) | |
| 330 | @a本书聚焦于机场航站楼、高铁客运站、地铁车站等特殊公共建筑的热湿环境营造过程, 将为合理分析此类建筑中的热湿环境营造过程提供基本方法, 也为构建高效的交通场站建筑热湿环境营造系统提供技术支撑。 | |
| 510 | 1 | @aIndoor built environment in public traffic buildings@zeng |
| 606 | 0 | @a交通运输建筑@Ajiao tong yun shu jian zhu@x建筑热工@x研究 |
| 690 | @aTU248@v5 | |
| 701 | 0 | @a刘晓华@Aliu xiao hua@4著 |
| 801 | @aCN@b山东中教@c20231121 | |
| 905 | @aBZT@dTU248@e4 | |
| 交通场站建筑热湿环境营造= Indoor built environment in public traffic buildings/刘晓华 ... [等] 著.-北京:中国建筑工业出版社,2019.09 |
| 12, 300页:图;26cm |
| ISBN 978-7-112-23761-6:CNY62.00 |
| 本书聚焦于机场航站楼、高铁客运站、地铁车站等特殊公共建筑的热湿环境营造过程, 将为合理分析此类建筑中的热湿环境营造过程提供基本方法, 也为构建高效的交通场站建筑热湿环境营造系统提供技术支撑。 |
| ● |
| 相关链接 |
|
|
|
正题名:交通场站建筑热湿环境营造
索取号:TU248/4
 
预约/预借
| 序号 | 登录号 | 条形码 | 馆藏地/架位号 | 状态 | 备注 |
| 1 | 2001049286 | 2001049286 | 中教第一批/山东中教(第一批)/744/ [索取号:TU248/4] | 在馆 | |
| 2 | 2001049287 | 2001049287 | 中教第一批/山东中教(第一批)/744/ [索取号:TU248/4] | 在馆 | |
| 3 | 2001049288 | 2001049288 | 中教第一批/山东中教(第一批)/744/ [索取号:TU248/4] | 在馆 | |
| 4 | 2001049289 | 2001049289 | 中教第一批/山东中教(第一批)/744/ [索取号:TU248/4] | 在馆 | |
| 5 | 2001049290 | 2001049290 | 中教第一批/山东中教(第一批)/744/ [索取号:TU248/4] | 在馆 | |
| 6 | 2001049291 | 2001049291 | 中教第一批/山东中教(第一批)/744/ [索取号:TU248/4] | 在馆 |